000 00982nas a2200313 4500
001 BR2015000930
003 BR-BrBNA
005 20231205125025.0
007 ta
008 230509b bl.|||p| |||| 00| 00por d
040 _aBR-BrBNA
_bpor
_cBiblioteca Nacional de Agricultura
041 _a(En)
072 _aF60
100 1 _aSahu, G.K.
100 1 _aSabat, S.C.
245 1 _aChanges in growth, pigment content and antioxidants in the root and leaf tissues of wheat plants under the influence of exogenous salicylic acid
650 _aTRIGO
650 _aTRITICUM AESTIVUM
650 _aCRESCIMENTO
650 _aFOLHA
650 _aACIDO
650 _aANTIOXIDANTE
650 _aSTRESS
650 _aOXIDACAO
773 0 _tBrazilian Journal of Plant Physiology (Brazil)
_xISSN 1677-0420
_g(2011), v. 23(3) p. 209-218
_wBR2015000930
856 4 0 _uhttp://www.scielo.br/pdf/bjpp/v23n3/05.pdf
909 _a202311
_bLúcia
_c55
_dLúcia Elande
942 _2AGRIS
_n0
_cANA
999 _c242197
_d242197